000 00545nam a2200217Ia 4500
003 OSt
005 20220926040853.0
006 a|||||r|||| 00| 0
007 ta
008 220923b |||||||| |||| 00| 0 eng d
037 _cGeneral Book
040 _aRTL
_cRTL
_beng
041 _2eng
_aeng
082 _aX62::73:N3, H6
100 _aThomas R G
_9344266
245 0 _aModern banking
260 _c1946
650 _aOther Countries
_9231018
942 _hX62::73:N3, H6
_cGB
_2CC
999 _c665891
_d665891